Revista andina / (Record no. 21841)

000 -CABECERA
fixed length control field 02313nam a22003617a 4500
003 - IDENTIFICADOR DEL NÚMERO DE CONTROL
control field AR-CdUCM
008 - DATOS DE LONGITUD FIJA--INFORMACIÓN GENERAL
fixed length control field 190425b ||||| |||| 00| 0 spa d
040 ## - FUENTE DE LA CATALOGACIÓN
Agencia/entidad que catalogó originalmente la obra MUNICIPALIDAD PROVINCIAL DEL CUSCO
Entidad que transcribió la catalogación BIBLIOTECA MUNICIPAL DEL CUSCO
082 ## - NÚMERO DE LA CLASIFICACIÓN DECIMAL DEWEY
No. de Clasificación Rev.Andi/N°18/1991
110 ## - ENTRADA PRINCIPAL--NOMBRE DE ENTIDAD CORPORATIVA
Nombre de la institución, jurisdicción como entrada principal Centro Bartolomé de Las Casas
9 (RLIN) 3293
245 ## - MENCIÓN DE TÍTULO
Título Revista andina /
Mención de responsabilidad Centro de estudios rurales andinos Bartolomé de Las Casas Cusco
260 ## - PUBLICACIÓN, DISTRIBUCIÓN, ETC.
Lugar de publicación, distribución, etc. Cusco :
Nombre de la editorial, distribuidor, etc. Centro Bartolomé de Las Casas,
Fecha de publicación, distribución, etc. 1991.
300 ## - DESCRIPCIÓN FÍSICA
Nº de Páginas Extensión 299-564 páginas. :
Dimensiones 23 cm.
440 ## - MENCIÓN DE SERIE/PUNTO DE ACCESO ADICIONAL--TÍTULO
Título Publicación Semestral del Centro Bartolomé de Las Casas Cusco.
Número de la parte/sección de una obra Año 9, Número 18, N°2, Segundo semestre 1991.
9 (RLIN) 46373
505 ## - NOTA DE CONTENIDO CON FORMATO
Nota de contenido formateada Contenido: El retorno del indio. Xavier Albó. -- Las líneas de Nazca una nueva síntesis de datos de la Pampa y de los Valles. Anthony Aveni, Helaine Silverman. -- Un texto desconocido del quechua costeño (s. XVI). Rodolfo Cerrón-Palomino. -- La plástica colonial y sus relaciones con la gran rebelión. Juan Carlos Estenssoro. -- Minas ecuatorianas de principios del siglo XIX, sanguijuelas y holgazanes. Frédérique Langue. -- Nueva lectura del libro de las huacas la edición del manuscrito de Huarochirí de Gerald Taylor (1987). Frank Salomon. -- Estudios andinos en Japón en los años 80 balance y perspectivas. Takahiro Kato. -- Historiografía en inglés sobre los Andes balance de la década del 80. -- Notas y correcciones al artículo Reconsideración del llamado ‘quechua costeños’ de Rodolfo Cerrón-Palomino (Aparecido en Revista Andina N°16, Año 8, N°2, diciembre 1990). Rodolfo Cerrón-Palomino
650 ## - PUNTO DE ACCESO ADICIONAL DE MATERIA--TÉRMINO DE MATERIA
Descriptor Cultura Nazca
9 (RLIN) 45200
650 ## - PUNTO DE ACCESO ADICIONAL DE MATERIA--TÉRMINO DE MATERIA
Descriptor Quechua costeño
9 (RLIN) 46362
650 ## - PUNTO DE ACCESO ADICIONAL DE MATERIA--TÉRMINO DE MATERIA
Descriptor Arte colonial
9 (RLIN) 13403
650 ## - PUNTO DE ACCESO ADICIONAL DE MATERIA--TÉRMINO DE MATERIA
Descriptor Minas ecuatorianas
9 (RLIN) 46374
650 ## - PUNTO DE ACCESO ADICIONAL DE MATERIA--TÉRMINO DE MATERIA
Descriptor Manuscrito de Huarochirí
9 (RLIN) 46375
650 ## - PUNTO DE ACCESO ADICIONAL DE MATERIA--TÉRMINO DE MATERIA
Descriptor Historiografía andina
9 (RLIN) 46376
700 ## - PUNTO DE ACCESO ADICIONAL--NOMBRE DE PERSONA
Nombre Personal Albó, Xavier
9 (RLIN) 46377
700 ## - PUNTO DE ACCESO ADICIONAL--NOMBRE DE PERSONA
Nombre Personal Aveni, Anthony
9 (RLIN) 46378
700 ## - PUNTO DE ACCESO ADICIONAL--NOMBRE DE PERSONA
Nombre Personal Silverman, Helaine
9 (RLIN) 46327
700 ## - PUNTO DE ACCESO ADICIONAL--NOMBRE DE PERSONA
Nombre Personal Cerrón Palomino, Rodolfo
9 (RLIN) 7429
700 ## - PUNTO DE ACCESO ADICIONAL--NOMBRE DE PERSONA
Nombre Personal Estenssoro, Juan Carlos
9 (RLIN) 3244
700 ## - PUNTO DE ACCESO ADICIONAL--NOMBRE DE PERSONA
Nombre Personal Langue, Frédérique
9 (RLIN) 46379
700 ## - PUNTO DE ACCESO ADICIONAL--NOMBRE DE PERSONA
Nombre Personal Salomon, Frank
9 (RLIN) 44938
700 ## - PUNTO DE ACCESO ADICIONAL--NOMBRE DE PERSONA
Nombre Personal Kato, Takahiro
9 (RLIN) 46380
942 ## - ELEMENTOS DE PUNTO DE ACCESO ADICIONAL (KOHA)
Fuente de clasificación
Tipo de item Revistas cusqueñas
945 ## - PROCESAMIENTO DE INFORMACIÓN LOCAL (OCLC)
Catalogador rac
Holdings
Estado de retiro (separado) Fuente de clasificación o esquema de estanterías Estado dañado Ubicación Sala donde se ubica Nombre de la colección Fecha de adquisición o compra Costo, precio normal en soles Signatura topográfica Código de Barras Última vez visto (Koha) Tipo de ítem (Koha)
No     Sala Hemeroteca Sala Hemeroteca Book Cart 2021-08-23 10.00 Rev.Andi/N°18/1991 REVC000315 2021-08-23 Revistas cusqueñas
No     Sala Hemeroteca Sala Hemeroteca Book Cart 2021-08-23 10.00 Rev.Andi/N°18/1991/e.2 REVC000316 2021-08-23 Revistas cusqueñas

Powered by Koha